Applications of statistics to industrial experimentation /
Guardado en:
| Autor Principal: | |
|---|---|
| Formato: | Libro |
| Idioma: | English |
| Publicado: |
New York :
Wiley,
[c1976]
|
| Materias: | |
| Acceso en línea: | Contributor biographical information Publisher description Table of Contents |
| Etiquetas: |
Agregar Etiqueta
Sin Etiquetas, Sea el primero en etiquetar este registro!
|
| LEADER | 00988pam a2200253 a 4500 | ||
|---|---|---|---|
| 001 | MAT.inmabb005945 | ||
| 008 | 760123s1976####nyua#####b####001#0#eng## | ||
| 005 | 20130401011949.0 | ||
| 245 | 1 | 0 | |a Applications of statistics to industrial experimentation / |c Cuthbert Daniel. |
| 260 | |a New York : |b Wiley, |c [c1976] | ||
| 300 | |a xvi, 294 p. : |b il. ; |c 24 cm. | ||
| 504 | |a Bibliografía: p. 289-292. | ||
| 500 | |a Incluye índices. | ||
| 020 | |a 0471194697 | ||
| 100 | 1 | |a Daniel, Cuthbert. | |
| 650 | 0 | |a Experimental design. | |
| 650 | 0 | |a Research, Industrial |x Statistical methods. | |
| 084 | |a 62P30 |2 msc2000 | ||
| 010 | |a 76002012 | ||
| 040 | |a DLC |c DLC |d DLC | ||
| 856 | 4 | 2 | |3 Contributor biographical information |u http://www.loc.gov/catdir/bios/wiley041/76002012.html |
| 856 | 4 | 2 | |3 Publisher description |u http://www.loc.gov/catdir/description/wiley032/76002012.html |
| 856 | 4 | |3 Table of Contents |u http://www.loc.gov/catdir/toc/onix02/76002012.html | |
| 859 | |h 62 |i D184a |p A-4743 |b BIB. MATEMATICA | ||
